Dimension stone use in the built environment /

This compilation of Selected Technical Papers, STP1628, Dimension Stone Use in the Built Environment, contains peer-reviewed papers that were presented at a symposium held October 6, 2021, in Atlanta, Georgia, USA. The symposium was sponsored by ASTM International Committee C18 on Dimension Stone.

Bibliographic Details
Corporate Author: ASTM International
Other Authors: Naggatz, Steven G. (Editor), Muehlbauer, Charles J. (Editor)
Format: Book
Language:English
Published: West Conshohocken, Pennsylvania : ASTM International, [2021].
Series:Journal of ASTM International. Selected technical papers ; STP 1628.
Subjects:

MARC

Tag First Indicator Second Indicator Subfields
LEADER 00000cam a22000008i 4500
001 in00004579430
008 210714t20212021paua b 100 0 eng
005 20220603152406.4
010 |a  2021034196 
035 |a (OCoLC)on1268122714 
040 |a DLC  |e rda  |c DLC  |d TXA 
020 |a 9780803177024 
020 |a 080317702X 
035 |a (OCoLC)1268122714 
050 0 0 |a TA426  |b .D56 2021 
082 0 0 |a 691/.2  |2 23 
245 0 0 |a Dimension stone use in the built environment /  |c editors, Steven G. Naggatz and Charles J. Muehlbauer. 
264 1 |a West Conshohocken, Pennsylvania :  |b ASTM International,  |c [2021]. 
264 4 |c ©2021. 
300 |a vii, 256 pages :  |b illustrations ;  |c 23 cm. 
336 |a text  |b txt  |2 rdacontent 
337 |a unmediated  |b n  |2 rdamedia 
338 |a volume  |b nc  |2 rdacarrier 
490 1 |a Selected technical papers ;  |v STP 1628 
504 |a Includes bibliographical references. 
520 |a This compilation of Selected Technical Papers, STP1628, Dimension Stone Use in the Built Environment, contains peer-reviewed papers that were presented at a symposium held October 6, 2021, in Atlanta, Georgia, USA. The symposium was sponsored by ASTM International Committee C18 on Dimension Stone. 
650 0 |a Building stones  |v Congresses. 
650 0 |a Building, Stone  |v Congresses. 
700 1 |a Naggatz, Steven G.,  |e editor. 
700 1 |a Muehlbauer, Charles J.,  |e editor. 
710 2 |a ASTM International. 
830 0 |a Journal of ASTM International.  |p Selected technical papers ;  |v STP 1628. 
948 |a dmitchel 6/3/22 10.20.30 
994 |a Z0  |b TXA 
999 f f |s f585266f-fb56-41c6-9f4a-f6e710dae798  |i f585266f-fb56-41c6-9f4a-f6e710dae798  |t 0 
952 f f |p normal  |a Texas A&M University  |b College Station  |c Sterling C. Evans Library  |d Evans: Library Stacks  |t 0  |e TA426 .D56 2021  |h Library of Congress classification  |i unmediated -- volume  |m A14851782616 
998 f f |a TA426 .D56 2021  |t 0  |l Evans: Library Stacks